000 00606nam a2200265Ia 4500
005 20260306163840.0
008 008 260114s9999 xx 000 0 eng d
020 _a9780804779104
037 _aEBOOK
040 _aCRL
040 _beng
040 _cCRL
041 _2eng
041 _aeng
084 _qCRL
100 _aMintz
_91128828
245 0 _aSanctuary In The Wilderness
260 _bStanford University Press
260 _c2013
650 _aSocial Work
856 _uhttps://academic.oup.com/book/16936
942 _cEBOOK
999 _c1711735
_d1711735